|
|
|
|
| LEADER |
01529nam a2200361Ia 4500 |
| 001 |
EBC435695 |
| 003 |
MiAaPQ |
| 005 |
20200520144314.0 |
| 006 |
m o d | |
| 007 |
cr cn||||||||| |
| 008 |
090213s2008 ua a sb i000 0 eng d |
| 020 |
|
|
|z 9290216468
|
| 020 |
|
|
|z 9789290216469
|
| 020 |
|
|
|z 9789290216728
|
| 035 |
|
|
|a (MiAaPQ)EBC435695
|
| 035 |
|
|
|a (Au-PeEL)EBL435695
|
| 035 |
|
|
|a (CaPaEBR)ebr10306274
|
| 035 |
|
|
|a (OCoLC)572278553
|
| 040 |
|
|
|a MiAaPQ
|c MiAaPQ
|d MiAaPQ
|
| 050 |
|
4 |
|a RA410.9.M628
|b S77 2008
|
| 245 |
0 |
0 |
|a Strengthening national and subnational departments for human resources development
|h [electronic resource].
|
| 260 |
|
|
|a Cairo, Egypt :
|b World Health Organization, Regional Office for the Eastern Mediterranean,
|c c2008.
|
| 300 |
|
|
|a 59 p. :
|b ill.
|
| 490 |
1 |
|
|a Health workforce development series,
|x 1999-7787 ;
|v 1
|
| 504 |
|
|
|a Includes bibliographical references (p. 41-42).
|
| 533 |
|
|
|a Electronic reproduction. Ann Arbor, MI : ProQuest, 2015. Available via World Wide Web. Access may be limited to ProQuest affiliated libraries.
|
| 650 |
|
0 |
|a Medical personnel
|x Supply and demand
|z Middle East.
|
| 650 |
|
0 |
|a Occupational training
|x Government policy
|z Middle East.
|
| 655 |
|
4 |
|a Electronic books.
|
| 710 |
2 |
|
|a World Health Organization.
|b Regional Office for the Eastern Mediterranean.
|
| 710 |
2 |
|
|a ProQuest (Firm)
|
| 830 |
|
0 |
|a Health workforce development series ;
|v 1.
|
| 856 |
4 |
0 |
|u https://ebookcentral.proquest.com/lib/matrademy/detail.action?docID=435695
|z Click to View
|